Game of Thrones Houses - Statistics

General Stats
  • This quiz has been taken 87,506 times
    87,494 since last reset
  • The average score is 17 of 27
Answer Stats
What Answer % Correct
Last Name Stark
97%
Last Name Lannister
92%
Last Name Baratheon
83%
Coat of Arms Direwolf
83%
Last Name Greyjoy
79%
Coat of Arms Lion
78%
Last Name Tyrell
74%
Seat Winterfell
74%
Last Name Targaryen
72%
Last Name Tully
70%
Last Name Martell
68%
Coat of Arms Dragon
67%
Last Name Arryn
63%
Coat of Arms Stag
63%
Coat of Arms Trout
62%
Seat Casterly Rock
58%
Coat of Arms Rose
57%
Coat of Arms Spear and Sun
52%
Seat Highgarden
50%
Coat of Arms Kraken
50%
Seat Dragonstone
43%
Seat Riverrun
40%
Seat Storm's End
40%
Seat Pyke
39%
Seat Sunspear
37%
Seat The Eyrie
37%
Coat of Arms Moon and Falcon
33%
No matching quizzes found
Score Distribution
Percent of People with Each Score
Percentile by Number Answered
Your Score History
You have not taken this quiz since the last reset